The Middle Ages /

Bibliographic Details
Main Author: Funck-Brentano, Frantz, 1862-1947
Format: Book
Language:English
French
Published: New York : AMS Press, 1967.
Series:National history of France (New York, 1916- )
Subjects:

MARC

Tag First Indicator Second Indicator Subfields
LEADER 00000cam a2200000 4500
001 in00000511552
005 20151013062230.0
008 720621r19671926nyu b 00100 eng
010 |a  72185387  
035 |a (OCoLC)00354538 
035 |9 ACD2264AM 
040 |a DLC  |c DLC  |d TXA  |d UtOrBLW 
041 1 |a eng  |a fre 
043 |a e-fr--- 
049 |a TXAM  |c 1 [1138867], 2 [1571230] 
050 0 0 |a DC61  |b .F8 1967 
082 0 |a 914.4/03/2 
100 1 |a Funck-Brentano, Frantz,  |d 1862-1947. 
240 1 3 |a Le Moyen Age. English 
245 1 4 |a The Middle Ages /  |c Translated from the French by Elizabeth O'Neill. 
264 1 |a New York :  |b AMS Press,  |c 1967. 
300 |a vii, 555 pages ;  |c 23 cm. 
336 |a text  |b txt  |2 rdacontent 
337 |a unmediated  |b n  |2 rdamedia 
338 |a volume  |b nc  |2 rdacarrier 
500 |a Reprint of the 1926 edition, issued in series: The National history of France. 
500 |a Translation of Le Moyen Age. 
504 |a Includes bibliographies. 
651 0 |a France  |x History  |y Medieval period, 987-1515. 
830 0 |a National history of France (New York, 1916- ) 
999 |a MARS 
999 f f |s 14ef4e73-1f09-34e9-be11-24c02fa138e6  |i dcd7d72d-b5da-39d8-8441-e1989c97fe74  |t 0 
952 f f |p ric  |a Texas A&M University  |b Rellis Campus  |c Joint Library Facility  |s JLF  |d Remote Storage  |t 0  |e DC61 .F8 1967  |h Library of Congress classification  |i unmediated -- volume  |m A14801955603 
998 f f |a DC61 .F8 1967  |t 0  |l Remote Storage